000
00194nam a2200097Ia 4500
008
190216s9999||||xx |||||||||||||| ||und||
100
_a
V K N
245
0
_a
Manchal
260
_b
Null
942
_c
BK
999
_c
23740
_d
23740